01307nam a2200373 i 4500001000700000003000800007005001700015006001900032007001500051008004100066020001800107020002700125035002300152035002400175035002500199035002100224040003100245050002200276082001400298100002700312245011500339264004000454300002500494336003100519337003300550338004300583500002300626504002900649588012700678650002400805650001500829655002700844856006200871109572FlNmELB20241217174100.0m o d | cr cnu||||||||140114s2012 ag ob 001 0 spa d z9789872907686 a9781449293277 (e-book) a(MiAaPQ)EBC3216593 a(Au-PeEL)EBL3216593 a(CaPaEBR)ebr10804364 a(OCoLC)991926195 aFINmELBbspaerdacFINmELB 4aHF5415bP232 20120 a658.82231 aParis, José Antonio.13aLa segunda miopía del marketing :by las técnicas de afloramiento de significados /cJosé Antonio Paris. 1aLa Plata :bEdiciones Haber,c2012. a1 recurso en línea atextobtxt2rdacontent/spa acomputadorabc2rdamedia/spa arecurso en líneabcr2rdacarrier/spa aContiene índice. aContiene bibliografía. aDescripción basada en recurso en línea; Título de la página del título en PDF (e-libro, visto January 14, 2014). 4aComercialización. 0aMarketing. 4aLibros electrónicos.40uhttps://elibro.net/ereader/politecnicointernacional/77240